[Event "Challenge"]
[Site "http://www.queenalice.com/game.php?id=1850452"]
[Date "2025.1.17"]
[Round "-"]
[White "jogo"]
[Black "manasses"]
[Result "0-1"]
[WhiteElo "1930"]
[BlackElo "2217"]

1. e4 c5 2. Nf3 Nc6 3. d4 cxd4 4. Nxd4 Nf6 5. Nc3 e5 6. Nf3 Bc5 7. h3 d6 8. Bb5
O-O 9. a3 a6 10. Bc4 Be6 11. Bxe6 fxe6 12. O-O d5 13. exd5 exd5 14. Na4 Be7 15.
Re1 e4 0-1

[Event "Challenge"]
[Site "http://www.queenalice.com/game.php?id=1850453"]
[Date "2025.1.17"]
[Round "-"]
[White "manasses"]
[Black "jogo"]
[Result "1-0"]
[WhiteElo "2220"]
[BlackElo "1925"]

1. d4 Nf6 2. c4 g6 3. Nc3 d5 4. cxd5 Nxd5 5. e4 Nxc3 6. bxc3 Bg7 7. Bc4 c5 8.
Ne2 cxd4 9. cxd4 O-O 10. O-O Nc6 11. Be3 Bg4 12. f3 Bd7 13. Qd2 Qa5 14. Rfd1
Qxd2 15. Rxd2 Rac8 16. Rc1 Na5 17. Bd3 Rxc1+ 18. Nxc1 Rc8 19. Ne2 Nc4 20. Bxc4
a6 21. Bb3 Bb5 22. Kf2 1-0

[Event "Challenge"]
[Site "http://www.queenalice.com/game.php?id=1853610"]
[Date "2025.3.10"]
[Round "-"]
[White "jogo"]
[Black "manasses"]
[Result "0-1"]
[WhiteElo "1797"]
[BlackElo "2192"]

1. e4 c5 2. Nf3 Nc6 3. d4 cxd4 4. Nxd4 e5 5. Nf5 Qc7 6. a3 Nf6 7. f3 g6 8. Ne3
Bg7 9. Bc4 O-O 10. g4 Nd4 11. g5 Nh5 0-1

[Event "Challenge"]
[Site "http://www.queenalice.com/game.php?id=1853611"]
[Date "2025.3.10"]
[Round "-"]
[White "manasses"]
[Black "jogo"]
[Result "1-0"]
[WhiteElo "2193"]
[BlackElo "1795"]

1. d4 Nf6 2. c4 g6 3. Nc3 d5 4. cxd5 Nxd5 5. e4 Nxc3 6. bxc3 Bg7 7. Be3 O-O 8.
Bc4 c6 9. Ne2 b5 10. Bb3 a5 11. O-O 1-0

[Event "AUTO-MASTER-3227"]
[Site "http://www.queenalice.com/game.php?id=1854418"]
[Date "2025.3.24"]
[Round "2"]
[White "manasses"]
[Black "CCapivara"]
[Result "0-1"]
[WhiteElo "2190"]
[BlackElo "2186"]

1. d4 d5 2. c4 e6 3. Nc3 Nf6 4. Bg5 Be7 5. e3 O-O 6. Nf3 c6 7. Bd3 Nbd7 8. O-O
dxc4 9. Bxc4 Nb6 10. Be2 Nfd5 11. Bxe7 Qxe7 12. Rc1 Bd7 13. a3 Rfd8 14. Re1 Rac8
15. Qd2 c5 16. Ne5 cxd4 17. exd4 Be8 18. Nxd5 Nxd5 19. b4 f6 20. Nd3 b6 21. Rxc8
Rxc8 22. Rc1 Rxc1+ 23. Qxc1 Qc7 24. Qxc7 Nxc7 25. Nb2 Bb5 26. Nc4 Nd5 27. g3 Kf8
28. Bf1 Bxc4 29. Bxc4 Nc7 30. f4 Ke7 31. Kf2 Kd6 32. Kf3 b5 33. Bb3 Nd5 34. Ke4
Nc3+ 35. Kd3 Nd5 36. h3 h5 37. Ke4 g6 38. g4 hxg4 39. hxg4 f5+ 40. gxf5 gxf5+
41. Kf3 Nc3 42. Ke3 Nb1 43. a4 bxa4 44. Bxa4 Nc3 45. Bb3 Nd5+ 46. Kf3 Nxb4 47.
Ba4 a5 48. Bb5 Kd5 49. Bd7 Nc2 0-1

[Event "AUTO-MASTER-3227"]
[Site "http://www.queenalice.com/game.php?id=1854419"]
[Date "2025.3.24"]
[Round "2"]
[White "CCapivara"]
[Black "manasses"]
[Result "1/2-1/2"]
[WhiteElo "2222"]
[BlackElo "2189"]

1. e4 c5 2. Nf3 Nc6 3. d4 cxd4 4. Nxd4 e5 5. Nb5 a6 6. N5c3 Nf6 7. Bg5 Be7 8.
Bxf6 Bxf6 9. Nd5 O-O 10. c3 d6 11. Nd2 Be6 12. Nc4 Bxd5 13. Qxd5 Rc8 14. Qxd6 b5
15. Qxd8 Rfxd8 16. Ne3 Ne7 17. Rd1 Bg5 18. Nc2 Rxd1+ 19. Kxd1 Rd8+ 20. Ke1 Rd2
21. Nb4 Rxb2 22. Nxa6 Bd2+ 23. Ke2 Bxc3+ 24. Kd3 Bd4 25. Be2 Rxa2 26. Nb4 Rb2
27. Nd5 Kf8 28. Ra1 Nxd5 29. exd5 Ke7 30. Bf3 Rd2+ 31. Kxd2 Bxa1 32. Be2 Kd6 33.
Bxb5 Kxd5 34. f3 Kd4 35. Ke2 Bc3 36. Bd3 h6 37. g4 Bb4 38. h4 Be7 39. h5 Bg5 40.
Bb1 f6 41. Be4 1/2-1/2

[Event "AUTO-MASTER-3227"]
[Site "http://www.queenalice.com/game.php?id=1854420"]
[Date "2025.3.24"]
[Round "2"]
[White "manasses"]
[Black "Rafale2000"]
[Result "1-0"]
[WhiteElo "2183"]
[BlackElo "1967"]

1. d4 Nf6 2. c4 c5 3. d5 b5 4. cxb5 a6 5. bxa6 Bxa6 6. Nc3 g6 7. e4 Bxf1 8. Kxf1
d6 9. Nge2 Bg7 10. g3 O-O 11. Kg2 Nbd7 12. Rb1 Re8 13. a3 Ng4 14. h3 Nh6 15. b4
cxb4 16. axb4 Rc8 17. Bd2 Ne5 18. Be3 f5 19. Qb3 Nd3 20. Rhd1 fxe4 21. Nxe4 Ne5
22. Nd4 Nc4 23. Ne6 Nxe3+ 24. Qxe3 Qd7 25. Nxg7 Kxg7 26. Ng5 Nf7 27. Ne6+ Kg8
28. Rdc1 Ne5 29. Qh6 1-0

[Event "AUTO-MASTER-3227"]
[Site "http://www.queenalice.com/game.php?id=1854421"]
[Date "2025.3.24"]
[Round "2"]
[White "Rafale2000"]
[Black "manasses"]
[Result "0-1"]
[WhiteElo "1997"]
[BlackElo "2184"]

1. e4 c5 2. c3 d5 3. Bb5+ Nc6 4. Qf3 e6 5. exd5 Qxd5 6. Bxc6+ bxc6 7. Na3 Ba6 8.
c4 Qxf3 9. Nxf3 Bd6 10. O-O Ne7 11. d4 cxd4 12. Nxd4 O-O 13. Bd2 Rfd8 14. Nac2
c5 15. Nb5 Bxb5 16. cxb5 Bxh2+ 17. Kxh2 Rxd2 18. Rac1 a6 19. bxa6 Rxa6 20. a3 g6
21. f3 Nf5 22. Rfd1 Rad6 23. Rxd2 Rxd2 24. a4 Nd4 25. Nxd4 cxd4 26. b4 Rb2 27.
b5 d3 28. Rd1 d2 29. b6 Rxb6 30. Rxd2 Ra6 31. Ra2 h5 32. Kg3 g5 33. a5 Kg7 34.
Ra4 f5 35. Kh3 Kf6 36. g4 hxg4+ 37. fxg4 Ke5 38. gxf5 exf5 39. Kg3 Kd5 40. Kf3
Kc5 41. Ra1 Kb4 42. Rb1+ Kxa5 43. Re1 Rb6 44. Ra1+ Kb4 45. Rg1 Rg6 46. Rg2 Kc3
47. Rg1 Kd4 48. Rd1+ Ke5 49. Re1+ Kf6 50. Ra1 Kg7 51. Ra7+ Kh6 52. Ra1 Re6 53.
Rh1+ Kg6 54. Ra1 g4+ 55. Kf4 Re4+ 56. Kg3 Kg5 57. Ra5 Re3+ 58. Kf2 Rf3+ 59. Kg2
Kh4 60. Ra8 Rc3 61. Rh8+ Kg5 62. Rg8+ Kf4 63. Ra8 Re3 0-1

[Event "AUTO-MASTER-3269"]
[Site "http://www.queenalice.com/game.php?id=1858995"]
[Date "2025.6.22"]
[Round "1"]
[White "Rafale2000"]
[Black "manasses"]
[Result "0-1"]
[WhiteElo "1914"]
[BlackElo "2207"]

1. e4 c5 2. c3 d5 3. Nf3 dxe4 4. Ne5 Nd7 5. f4 e6 6. d4 exd3 7. Qxd3 Be7 8. Na3
Ngf6 9. Nac4 O-O 10. Be3 Nd5 11. Bd2 b5 12. Nxd7 bxc4 13. Qe4 Bxd7 14. Bxc4 Bc6
15. O-O-O Qb6 16. Bd3 Nf6 17. Qe2 Rab8 18. b3 a5 19. Bc2 a4 20. h4 axb3 21. axb3
Ba4 22. Qc4 Bb5 0-1

[Event "AUTO-MASTER-3269"]
[Site "http://www.queenalice.com/game.php?id=1858996"]
[Date "2025.6.22"]
[Round "1"]
[White "manasses"]
[Black "chessman"]
[Result "1/2-1/2"]
[WhiteElo "2219"]
[BlackElo "2082"]

1. d4 d5 2. c4 c6 3. Nf3 e6 4. Nc3 Nf6 5. Bg5 Be7 6. e3 O-O 7. Bd3 Re8 8. O-O
Nbd7 9. Rc1 Nf8 10. Ne5 a6 11. c5 h6 12. Bxf6 Bxf6 13. Ng4 Be7 14. f4 f5 15. Ne5
Nd7 16. Ng6 Nf6 17. Rf3 Bd7 18. Rh3 Ne4 19. Qe1 Bf6 20. Be2 Qc7 21. Nxe4 fxe4
22. Qg3 Kh7 23. Rf1 Reb8 24. Ne5 Bxe5 25. fxe5 Rf8 26. Qg5 Rxf1+ 27. Bxf1 Qd8
28. Qf4 Qf8 29. Rh4 Qxf4 30. Rxf4 Kg8 31. g3 Rf8 32. Bh3 g5 33. Rxf8+ Kxf8 34.
Bg4 Kg7 35. Bh5 Kf8 36. Kf2 Ke7 37. Ke1 Kd8 38. Kd2 Be8 39. Bg4 Bf7 40. h4 Kc7
41. Kc3 b6 42. b4 b5 43. Kb3 h5 44. Be2 g4 45. a4 Kb7 1/2-1/2

[Event "AUTO-MASTER-3269"]
[Site "http://www.queenalice.com/game.php?id=1858997"]
[Date "2025.6.22"]
[Round "1"]
[White "chessman"]
[Black "manasses"]
[Result "0-1"]
[WhiteElo "1998"]
[BlackElo "2217"]

1. e4 c5 2. Nf3 Nc6 3. d4 cxd4 4. Nxd4 Nf6 5. Nc3 e5 6. Nf3 Bb4 7. Be2 Nxe4 8.
Bd2 Nxd2 9. Qxd2 d5 10. a3 Bxc3 11. bxc3 O-O 12. O-O Be6 13. Rab1 Qc7 14. h3
Rad8 15. Rfe1 Rfe8 16. Ng5 Bf5 17. Rbd1 e4 18. h4 Qe7 19. Qf4 Qe5 20. Qe3 h6 21.
Nh3 Bxh3 22. gxh3 d4 23. cxd4 Nxd4 24. c3 Nc2 0-1

[Event "AUTO-MASTER-3269"]
[Site "http://www.queenalice.com/game.php?id=1858999"]
[Date "2025.6.22"]
[Round "1"]
[White "JailtonMaster"]
[Black "manasses"]
[Result "1/2-1/2"]
[WhiteElo "2143"]
[BlackElo "2222"]

1. e4 c5 2. Nf3 Nc6 3. d4 cxd4 4. Nxd4 e5 5. Nb5 a6 6. Nd6+ Bxd6 7. Qxd6 Qf6 8.
Qd1 Nge7 9. Nc3 d6 10. Be2 O-O 11. Be3 Rd8 12. O-O Be6 13. Nd5 Bxd5 14. exd5 Nb4
15. a3 Nbxd5 16. Bc1 Nf4 17. Bf3 d5 18. c3 e4 19. Be2 Neg6 20. Be3 Nxe2+ 21.
Qxe2 Nf4 22. Qd2 Ne6 23. f3 d4 24. cxd4 Nxd4 25. Bxd4 Qxd4+ 26. Qxd4 Rxd4 27.
fxe4 Rxe4 28. Rac1 Re2 29. Rc7 Rxb2 30. Rfxf7 Rd8 31. Rxg7+ Kf8 32. Rcf7+ Ke8
33. Re7+ 1/2-1/2

[Event "AUTO-MASTER-3239"]
[Site "http://www.queenalice.com/game.php?id=1859050"]
[Date "2025.6.22"]
[Round "2"]
[White "manasses"]
[Black "checkers4me"]
[Result "1-0"]
[WhiteElo "2185"]
[BlackElo "2397"]

1. d4 Nf6 2. c4 e6 3. Nc3 d5 4. Bg5 Be7 5. e3 O-O 6. Nf3 Nc6 7. Bd3 h6 8. Bh4 b6
9. O-O Nb4 10. Be2 dxc4 11. Bxc4 Bb7 12. a3 Nbd5 13. Nxd5 exd5 14. Bd3 c5 15. b3
Ne4 16. Bxe7 1-0

[Event "AUTO-MASTER-3239"]
[Site "http://www.queenalice.com/game.php?id=1859051"]
[Date "2025.6.22"]
[Round "2"]
[White "checkers4me"]
[Black "manasses"]
[Result "1-0"]
[WhiteElo "2422"]
[BlackElo "2190"]

1. d4 Nf6 2. c4 e6 3. Nf3 d5 4. a3 c5 5. Nc3 Be7 6. dxc5 Bxc5 7. cxd5 exd5 8.
Bg5 Qb6 9. e3 Bg4 10. Bxf6 Qxf6 11. Qxd5 Qc6 12. Bb5 1-0

[Event "AUTO-MASTER-3239"]
[Site "http://www.queenalice.com/game.php?id=1859052"]
[Date "2025.6.22"]
[Round "2"]
[White "manasses"]
[Black "andrevillares"]
[Result "0-1"]
[WhiteElo "2217"]
[BlackElo "2117"]

1. d4 Nf6 2. c4 e6 3. Nc3 d5 4. Bg5 Be7 5. e3 O-O 6. Nf3 b6 7. Be2 Bb7 8. O-O h6
9. Bh4 c5 10. cxd5 exd5 11. b3 Nbd7 12. Rc1 Rc8 13. Nb5 a6 14. Na3 cxd4 15. Nxd4
Re8 16. Nac2 Ne5 17. Nb4 Bxb4 18. Rxc8 Qxc8 19. Nc2 Be7 20. Bg3 Ng6 21. Nd4 Bc5
22. Nc2 Re7 23. b4 Ne4 24. bxc5 Nc3 25. Qd2 Nxe2+ 26. Qxe2 Qxc5 27. Nd4 Qxd4 0-1

[Event "AUTO-MASTER-3270"]
[Site "http://www.queenalice.com/game.php?id=1859426"]
[Date "2025.7.5"]
[Round "1"]
[White "andrevillares"]
[Black "manasses"]
[Result "0-1"]
[WhiteElo "2134"]
[BlackElo "2201"]

1. d4 Nf6 2. c4 e6 3. Nf3 d5 4. Nc3 Be7 5. Bf4 a6 6. e3 O-O 7. cxd5 Nxd5 8. Nxd5
exd5 9. Bd3 Bg4 10. h3 Bh5 11. O-O Nd7 12. g4 Bg6 13. Bxg6 hxg6 14. Rc1 Rc8 15.
Re1 c5 16. Ne5 c4 17. Qd2 b5 18. b3 a5 19. bxc4 Nxe5 20. Bxe5 Bb4 21. Qb2 Bxe1
22. Rxe1 Rxc4 23. Qxb5 Rb4 24. Qc5 Rc4 25. Qb5 Qa8 26. Kh2 Rfc8 27. Kg3 Rb4 28.
Qd7 Qb7 29. Qd6 Rb6 30. Qa3 f6 31. Bd6 Rc2 32. h4 Qd7 33. Bf4 Rbb2 34. Qxa5 Rxf2
35. Rc1 Rg2+ 0-1

[Event "AUTO-MASTER-3270"]
[Site "http://www.queenalice.com/game.php?id=1859442"]
[Date "2025.7.5"]
[Round "1"]
[White "chessman"]
[Black "manasses"]
[Result "0-1"]
[WhiteElo "2027"]
[BlackElo "2202"]

1. e4 c5 2. Nf3 Nc6 3. Bb5 a6 4. Bxc6 bxc6 5. O-O Qc7 6. c4 g6 7. d3 Bg7 8. Nc3
d6 9. Be3 Bg4 10. h3 Bxf3 11. Qxf3 e6 12. Rad1 Qb6 13. Na4 Qb4 14. b3 Ne7 15.
Qe2 O-O 16. f4 Bd4 17. Bxd4 cxd4 18. f5 exf5 19. e5 dxe5 20. Qxe5 Qb7 21. Qxd4
Rad8 22. Qf6 Nc8 23. c5 Qe7 24. Qxc6 Qe3+ 25. Kh1 Rxd3 26. Qxa6 Rd2 27. Rxd2
Qxd2 28. Nb6 Qd8 29. Nxc8 Qxc8 30. Qc4 Re8 31. b4 Re4 32. Qc3 Qa6 33. Ra1 Rc4
34. Qd3 Rc1+ 35. Rxc1 Qxd3 36. c6 Qd2 37. Rc5 Qxb4 38. Rc1 Qd2 39. Rc5 Qd1+ 0-1

[Event "AUTO-MASTER-3270"]
[Site "http://www.queenalice.com/game.php?id=1859443"]
[Date "2025.7.5"]
[Round "1"]
[White "manasses"]
[Black "chessman"]
[Result "1-0"]
[WhiteElo "2210"]
[BlackElo "2031"]

1. d4 Nf6 2. c4 c5 3. d5 b5 4. cxb5 a6 5. bxa6 Bxa6 6. Nc3 d6 7. e4 Bxf1 8. Kxf1
g6 9. g3 Bg7 10. Kg2 Qb6 11. Nge2 Na6 12. Be3 Qxb2 13. Qa4+ Nd7 14. Rab1 Bxc3
15. Rxb2 Bxb2 16. Qc6 1-0

[Event "AUTO-MASTER-3270"]
[Site "http://www.queenalice.com/game.php?id=1859452"]
[Date "2025.7.5"]
[Round "1"]
[White "BeatifulDevil56"]
[Black "manasses"]
[Result "1-0"]
[WhiteElo "2142"]
[BlackElo "2215"]

1. c4 Nf6 2. Nf3 e6 3. Nc3 d5 4. cxd5 exd5 5. d4 Be7 6. Bf4 c6 7. e3 O-O 8. Bd3
Bg4 9. h3 Bh5 10. g4 Bg6 11. Nh4 Bxd3 12. Qxd3 Re8 13. Nf5 Bb4 14. a3 Ba5 15.
O-O Nbd7 16. Nd6 Re6 17. Nxb7 Qb6 18. Nxa5 Qxa5 19. b4 Qd8 20. Qf5 a5 21. b5
cxb5 22. Nxd5 Nxd5 23. Qxd5 Rc8 24. Qxb5 Rec6 25. Qd5 Qe8 26. Rfb1 Nf6 27. Qxa5
Qd7 28. Be5 Nxg4 29. hxg4 Qxg4+ 30. Kf1 Rc2 31. Qe1 h5 32. Rc1 h4 33. Rxc2 Rxc2
34. Rc1 Ra2 35. Qd1 Qe4 36. Rc8+ 1-0

[Event "AUTO-MASTER-3271"]
[Site "http://www.queenalice.com/game.php?id=1859765"]
[Date "2025.7.10"]
[Round "1"]
[White "cerenzo72"]
[Black "manasses"]
[Result "0-1"]
[WhiteElo "2118"]
[BlackElo "2210"]

1. e4 c5 2. Nc3 g6 3. g3 Bg7 4. Bg2 Nc6 5. d3 Nf6 6. Nge2 O-O 7. O-O d6 8. f4 e6
9. a3 a6 10. Bd2 Qc7 11. Kh1 Rb8 12. Be3 b5 13. b3 Bb7 14. f5 b4 15. axb4 Nxb4
16. fxe6 fxe6 17. Nf4 Rbe8 18. Na2 Ng4 19. Qxg4 Bc8 20. Nxb4 cxb4 21. Nxg6 Rxf1+
22. Rxf1 e5 23. Qg5 hxg6 24. Qxg6 Rf8 25. Bh6 Rxf1+ 26. Bxf1 Qf7 27. Qxf7+ Kxf7
28. Bxg7 Kxg7 29. Kg2 Bg4 30. d4 a5 31. dxe5 dxe5 32. h3 Bd7 33. Kf3 a4 34. bxa4
Bxa4 35. Bd3 Kg6 36. Kg4 Bd7+ 37. Kh4 Be6 38. g4 Ba2 39. Kg3 Bb1 40. h4 b3 41.
cxb3 Bxd3 42. Kf3 Bc2 43. b4 Bd1+ 44. Kg3 Be2 45. g5 Bd3 46. Kf3 Bb5 47. Kg4
Bd7+ 48. Kg3 Kh5 49. Kf3 Bc6 50. Ke3 Be8 51. Kd3 Kxh4 52. Kc4 Kxg5 53. Kd5 Kf4
0-1

[Event "AUTO-MASTER-3271"]
[Site "http://www.queenalice.com/game.php?id=1859766"]
[Date "2025.7.10"]
[Round "1"]
[White "manasses"]
[Black "cerenzo72"]
[Result "1-0"]
[WhiteElo "2220"]
[BlackElo "2151"]

1. d4 Nf6 2. c4 e6 3. Nc3 c5 4. Nf3 cxd4 5. Nxd4 Nc6 6. Bg5 Be7 7. g3 Bc5 8. Nf3
Qb6 9. e3 Be7 10. Qb3 Qxb3 11. axb3 Nb4 12. O-O-O Ng4 13. Rd2 f6 14. h3 fxg5 15.
hxg4 h6 16. Bg2 Bf6 17. Nd4 O-O 18. f4 d5 19. cxd5 exd5 20. Nxd5 Nxd5 21. Bxd5+
Kh7 22. Ne6 Bxe6 23. Bxe6 Rfe8 24. f5 Re7 25. Rhd1 Rc8+ 26. Bxc8 1-0

[Event "AUTO-MASTER-3271"]
[Site "http://www.queenalice.com/game.php?id=1859775"]
[Date "2025.7.10"]
[Round "1"]
[White "manasses"]
[Black "LAIRE"]
[Result "0-1"]
[WhiteElo "2230"]
[BlackElo "2213"]

1. d4 d5 2. c4 e6 3. Nc3 Nf6 4. Bg5 Be7 5. e3 h6 6. Bh4 O-O 7. Nf3 b6 8. cxd5
exd5 9. Be2 Bb7 10. O-O c5 11. b3 Nc6 12. Rc1 Rc8 13. dxc5 g5 14. Bg3 Bxc5 15.
Ne5 Ne7 16. Nd3 Ba3 17. Rc2 Ne4 18. Nxe4 dxe4 19. Ne5 Qxd1 20. Bxd1 Nf5 21. Nd7
Rfd8 22. Nf6+ Kf8 23. Rxc8 Bxc8 24. Nxe4 Ba6 0-1

[Event "AUTO-MASTER-3271"]
[Site "http://www.queenalice.com/game.php?id=1859776"]
[Date "2025.7.10"]
[Round "1"]
[White "LAIRE"]
[Black "manasses"]
[Result "1/2-1/2"]
[WhiteElo "2228"]
[BlackElo "2209"]

1. d4 Nf6 2. c4 e6 3. Nc3 d5 4. Bg5 Be7 5. e3 O-O 6. Nf3 Nbd7 7. Rc1 h6 8. Bh4
c5 9. cxd5 cxd4 10. exd4 Nxd5 11. Bxe7 Qxe7 12. Nxd5 exd5+ 13. Be2 Re8 14. Rc2
Nf6 15. O-O Bf5 16. Bd3 Bxd3 17. Qxd3 Rac8 18. Rfc1 Rxc2 19. Qxc2 Ne4 20. Qc7
Nd6 21. Qxe7 Rxe7 22. Kf1 f6 23. b3 Nb5 24. Rc5 Nc7 25. Nh4 b6 26. Rc2 Nb5 27.
Nf3 Rc7 28. Rxc7 Nxc7 29. Ke2 Kf7 30. Ne1 1/2-1/2